000 00353nam a2200121Ia 4500
008 220217s9999 xx 000 0 und d
245 0 _aRubbers and latices- Nomenclature
260 _aSwitzerland
260 _c1995
_bInternational Organization for Standardization
500 _aStandard number: ISO 1629. Ed 3
650 _aRubber latices
942 _cST
999 _c74031
_d74031